Statistiques concernant Les voitures les plus chères

Cliquez ici pour prendre le quiz!

Statistiques générales

  • Ce quiz a été pris 875 fois
  • Le résultat moyen est 2 sur 10

Statistiques - réponses

HintRéponse% Correct
2Bugatti La Voiture Noire.
37%
1Rolls-Royce Boat Tail
29%
6Lamborghini Veneno
20%
9Koenigsegg CCXR Trevita
16%
10Bugatti Bolide
15%
8Bugatti Divo
15%
7Maybach Exelero.
14%
4Rolls-Royce Sweptail
14%
3Pagani Zonda HP Barchetta.
13%
5Bugatti Centodieci
12%

Distribution des résultats

Percentile par nombre de réponses

% des personnes avec chaque résultat

Votre développement - résultats

Vous n’avez pas pris ce quiz